| 000 | 01204nam a22003377a 4500 | ||
|---|---|---|---|
| 001 | 1045 | ||
| 005 | 20230719104349.0 | ||
| 008 | 230719b cb ||||| |||| 00| 0 eng d | ||
| 020 | _a0806907827 | ||
| 040 |
_aDLC _cDLC _dDLC _beng |
||
| 050 | 0 | 0 |
_aPN6371.5 _b.B39 1994 |
| 082 | 0 | 0 |
_a818/.540208 _220 |
| 100 | 1 | _aBerk, Meridith. | |
| 245 | 1 | 0 |
_aGreat book of school jokes / _cMeridith Berk & Toni Vavrus ; illustrated by Jeff Sinclair. |
| 260 |
_aNew York : _bGood Will, _c1994. |
||
| 300 |
_a96 pages : _billustrations ; _c18 cm. |
||
| 500 | _aIncludes index. | ||
| 505 | _aL | ||
| 520 | _aLaugh all the way to class with this fantastically funny collection of riddles, knock-knocks, and goofy stories. Find humor in every subject--even in math--"What did the math classroom have instead of desks? Times tables." | ||
| 521 |
_a520 _bLexile estimate |
||
| 521 |
_aL
_bRaz-Plus |
||
| 650 | 0 | _aRiddles, Juvenile. | |
| 650 | 0 |
_aSchools _vJuvenile humor. |
|
| 650 | 1 | _aRiddles. | |
| 650 | 1 | _aJokes. | |
| 650 | 1 |
_aSchools _xHumor. |
|
| 700 | 1 | _aVavrus, Toni. | |
| 700 | 1 |
_aSinclair, Jeff, _eillustrator. |
|
| 906 |
_a7 _bcbc _corignew _d1 _eocip _f19 _gy-gencatlg |
||
| 942 |
_2ddc _cBK _n0 |
||
| 999 |
_c1045 _d1045 |
||